Stellar effects on human life (Record no. 6348)

MARC details
000 -LEADER
fixed length control field 00756 a2200205 4500
005 - DATE AND TIME OF LATEST TRANSACTION
control field 20080827145533.0
008 - FIXED-LENGTH DATA ELEMENTS--GENERAL INFORMATION
fixed length control field 080827t xxu||||| |||| 00| 0 eng d
010 ## - LIBRARY OF CONGRESS CONTROL NUMBER
LC control number ENG-87287
020 ## - INTERNATIONAL STANDARD BOOK NUMBER
Terms of availability 150.00
035 ## - SYSTEM CONTROL NUMBER
System control number EN-70820
037 ## - SOURCE OF ACQUISITION
Source of stock number/acquisition DBAD / PUB
082 ## - DEWEY DECIMAL CLASSIFICATION NUMBER
Classification number 133.58577
100 ## - MAIN ENTRY--PERSONAL NAME
Personal name Hariharan, K
245 ## - TITLE STATEMENT
Title Stellar effects on human life
Statement of responsibility, etc by K. Hariharan
260 ## - PUBLICATION, DISTRIBUTION, ETC. (IMPRINT)
Place of publication, distribution, etc Chennai
Name of publisher, distributor, etc Krishnamurti Publications
Date of publication, distribution, etc 2006
270 ## - ADDRESS
Address F21-A, First floo0r, Spencer Plaza, 769, Anna Road
300 ## - PHYSICAL DESCRIPTION
Extent 388 p.
Dimensions 22 cm (Pbk.)
942 ## - ADDED ENTRY ELEMENTS (KOHA)
Institution code [OBSOLETE] dpl
Koha item type English Books
Call number prefix 133.58577/HAR
Source of classification or shelving scheme Dewey Decimal Classification
Classification part 133.58577
Call number suffix HAR
Holdings
Withdrawn status Lost status Damaged status Not for loan Home library Current library Date acquired Cost, normal purchase price Total Checkouts Full call number Barcode Date last seen Copy number Uniform Resource Identifier Cost, replacement price Price effective from Koha item type
        D.B.Act.Division D.B.Act.Division 27/08/2008 150.00   133.58577 HAR EN-70820 15/09/2008 1 6893 150.00 15/09/2008 English Books

© Delhi Public Library
Hit Counter
free hit counter